000 00489nam a22001937a 4500
003 OSt
005 20140310182815.0
008 130227t xxu||||| |||| 00| 0 eng d
050 _aHV 885
_b.M478 1996
082 _aM 362.74
_bM17 1996
245 _aAre you out there, God?
_cMcGeady, Mary Rose
260 _aNew York
_bCovenant House
_cc1996
300 _a127 p.
_c17 cm
521 _aCollege
526 _c1210L-1700L
541 _j1
562 _e3
942 _2lcc
_cBK
_kM
999 _c16263
_d16263